Joining hands to develop womanpower: (Record no. 4903)

MARC details
000 -LEADER
fixed length control field 00516nam a2200145 4500
008 - FIXED-LENGTH DATA ELEMENTS--GENERAL INFORMATION
fixed length control field 240605b |||||||| |||| 00| 0 eng d
942 ## - ADDED ENTRY ELEMENTS (KOHA)
Item Type Reports
700 ## - ADDED ENTRY--PERSONAL NAME
Personal name Bhasin, kamala
700 ## - ADDED ENTRY--PERSONAL NAME
Personal name Dhar, Suneeta
700 ## - ADDED ENTRY--PERSONAL NAME
Personal name Thapar, Bindia
Relator Term illustrator
245 ## - TITLE STATEMENT
Title Joining hands to develop womanpower:
Sub Title a report of a South Asian workshop on gender and sustainable development
260 ## - PUBLICATION, DISTRIBUTION, ETC. (IMPRINT)
Place of Publication Dhaka:
Name of Publisher Institute for Development Policy Analysis and Advocacy (IDPAA),
Date of Copyright 1998
300 ## - PHYSICAL DESCRIPTION
Extent viii., 110 p. ill.
650 ## - SUBJECT ADDED ENTRY--TOPICAL TERM
Topical Term FEMINISM-South Asia
Holdings
Withdrawn status Lost status Source of classification or shelving scheme Damaged status Not for loan Permanent location Current location Date acquired Total Checkouts Full call number Barcode Date last seen Price effective from Koha item type
    Dewey Decimal Classification     Resource center, Muslim Women's Research And Action Forum Resource center, Muslim Women's Research And Action Forum 2024-06-05   305.4 JOI RAF5273 2024-06-05 2024-06-05 Reports

Copyright © 2023 Muslim Women's Research and Action Forum (MWRAF), No 27/3, Anderson Road, Kalubowila, Dehiwela. Funded by The Asia Fundation